00410nam a2200145 a 4500008004100000020001500041050001700056100001700073245004900090246005000139260002500189300002100214350000900235700002000244120416s0000 ||||||||||||||||| || u a0340676566 aRA 645.7 Pre aGreaves, Ian10aPre-hospital medicinecedited by Ian Greaves athe principles and practice of immediate care aLondonbArnoldc1999 axvi, 806p. : ill a0.00 aPorter, Keith M